LEADER 00904nam0-22003011i-450- 001 990004667380403321 005 19990530 035 $a000466738 035 $aFED01000466738 035 $a(Aleph)000466738FED01 035 $a000466738 100 $a19990530g19679999km-y0itay50------ba 101 0 $aita 105 $ay-------001yy 200 1 $aComoediae$d= Comedies$fP. Terenti Afri$d= Terence$gedited with an introduction and notes by Sidney G. Ashmore 205 $a2.a ed. 210 $aNew York$cOxford University Press$d1967. 215 $aX, 340 p.$d20 cm 500 1 $a$913724 700 1$aTerentius Afer,$bPublius$f$0152516 702 1$aAshmore,$bSidney G. 801 0$aIT$bUNINA$gRICA$2UNIMARC 901 $aBK 912 $a990004667380403321 952 $aFCL 1105$bIst.Fil.Cl.1162$fFLFBC 959 $aFLFBC 996 $aComoediae$913724 997 $aUNINA LEADER 00962cam0-2200325---450- 001 990004268910403321 005 20140929131124.0 010 $a88-06-13655-0 035 $a000426891 035 $aFED01000426891 035 $a(Aleph)000426891FED01 035 $a000426891 100 $a19990604d1995----km-y0itay50------ba 101 1 $aita$cger 102 $aIT 105 $a--------001cy 200 1 $a<>dinosauri e la legge$euna drammaturgia della politica$fFriedrich Dürrenmatt$ga cura di Eugenio Bernardi 210 $aTorino$cEinaudi$d1995 215 $aXXIII$d133 p.$d20 cm 225 1 $aEinaudi contemporanea$v34 676 $a838.914 700 1$aDürrenmatt,$bFriedrich$f<1921-1990>$0386486 702 1$aBernardi,$bEugenio 801 0$aIT$bUNINA$gRICA$2UNIMARC 901 $aBK 912 $a990004268910403321 952 $a832.914 DURR 4$bBibl.21112$fFLFBC 959 $aFLFBC 996 $aDinosauri e la legge$9181938 997 $aUNINA